Assessment of coyote and dog predation on sheep in southern Iowa (Registro nro. 12852)

Detalles MARC
000 -CABECERA
Campo de control 005280000a22001690004500
090 ## - CLASIFICACIÓN LOCAL
Colección AR
Consecutivo 03817
041 0# - IDIOMA
Código de idioma para texto/pista de sonido o título separado
100 1# - ASIENTO PRINCIPAL--NOMBRE PERSONAL
Nombre personal Schaefer, Joseph M.
245 10 - MENCION DE TITULO
Título Assessment of coyote and dog predation on sheep in southern Iowa
650 14 - ASIENTO SECUNDARIO DE MATERIA - TERMINO TEMATICO
Término temático o nombre geográfico como elemento de entrada Depredadores
650 14 - ASIENTO SECUNDARIO DE MATERIA - TERMINO TEMATICO
Término temático o nombre geográfico como elemento de entrada Animales domésticos
651 #4 - ASIENTO SECUNDARIO DE MATERIA - NOMBRE GEOGRAFICO
-- Iowa
-- Estados Unidos
700 1# - ASIENTO SECUNDARIO - NOMBRE PERSONAL
Nombre personal Andrews, Ronald D.
700 1# - ASIENTO SECUNDARIO - NOMBRE PERSONAL
Nombre personal Dinsmore, James J.
773 1# - Item fuente:
Título Journal Wildlife Management
Descripción física 4
Paginas del Articulo 883-893
Lugar, editorial y fecha de publicación 1981
Información sobre la relación 45
942 ## - ELEMENTOS ADICIONALES (KOHA)
Tipo de ítem Artículo
Existencias
Withdrawn status Lost status Damaged status No para préstamo Colección Ubicación Permanente Ubicación actual Fecha de adquisición Datos de publicación Seriada Total Checkouts Número topográfico Inventario / Código de Barras Date last seen Price effective from Forma de adquisición Tipo de material
      No para Préstamo Hemeroteca Bogotá Bogotá 27/02/2015 Fuera de circulación   AR 03817 017358 25/03/2015 25/03/2015   Artículo